|
|
|
|
| LEADER |
00888cam a2200241 7i4500 |
| 001 |
0000036076 |
| 005 |
20200605090000.0 |
| 008 |
110317 eng |
| 020 |
|
|
|a 1418009601 (pbk.)
|
| 020 |
|
|
|a 9781418009601 (pbk.)
|
| 040 |
|
|
|a DLC
|
| 090 |
0 |
0 |
|a TH9180
|b .C78 2009
|
| 100 |
1 |
|
|a Chandler, Russell K
|
| 245 |
1 |
0 |
|a Fire investigation
|c Russell K. Chandler.
|
| 260 |
|
|
|a Australia:
|b Delmar Cengage Learning,
|c 2009.
|
| 300 |
|
|
|a xxviii, 531 p.:
|b ill.;
|c 24 cm.
|
| 504 |
|
|
|a Includes bibliographical references and index
|
| 650 |
0 |
0 |
|a Fire investigation --
|z United States
|
| 650 |
0 |
0 |
|a Fire prevention --
|x Inspection --
|z United States
|
| 650 |
0 |
0 |
|a Fire prevention --
|x Law and legislation --
|z United States
|
| 997 |
|
|
|a Health Sciences, Faculty
|
| 998 |
|
|
|a Occupational Safety & Health, Degree
|
| 999 |
|
|
|a 0000043678
|b BOK
|c OPEN SHELF
|e 1st Floor, Shah Alam
|